00870nam a2200253 a 450000100060000000300080000600500170001400800390003102000440007003500190011404000320013304100080016508200240017310000350019724501090023226000530034130000590039450400510045365000320050465000200053665000220055665000170057870000210059536665BD-RjUL20211209052521.0140806s1994 mauab b 001 0 eng a0867208716 (acidfree, recycled paper) : a(BD-RjUL)36766 aDLCcDLCdDLCdBD-RjULbeng aeng00a363.8220bCHP 19941 aChrispeels, Maarten J.,d1938-10aPlants, genes, and agriculture /cMaarten J. Chrispeels, David E. Sadava ; with foreword by Jeff Schell. aBoston :bJones and Bartlett Publishers,cc1994. axxiii, 478 p. :bill. (some col.), col. maps ;c29 cm. aIncludes bibliographical references and index. 0aCropsxGenetic engineering. 0aPlant breeding. 0aCrop improvement. 0aFood supply.1 aSadava, David E.